[Event "PNWCC Online blitz JP 8th"]
[Site "Chess.com INT"]
[Date "2020.05.02"]
[Round "8"]
[White "Arjun Erigaisi"]
[Black "Alexander Huzman"]
[Result "1-0"]
[EventDate "?"]
[WhiteElo "2559"]
[BlackElo "2562"]
[Source "chessbites.com; date by Chess Assistant 21"]
[PlyCount "70"]

1. Nf3 Nf6 2. c4 e6 3. g3 d5 4. Bg2 dxc4 5. O-O Bd6 6. Qa4+ Nbd7 7. Na3 Bxa3 8. bxa3 O-O 9. Qxc4 c5 10. a4 b6 11. Nd4 Ne5 12. Qb3 Rb8 13. Nb5 a6 14. Bb2 Nfd7 15. Nd6 Qc7 16. Nxc8 Rfxc8 17. Rac1 Qd6 18. Qc3 f6 19. d4 cxd4 20. Qxd4 Qxd4 21. Bxd4 Kf7 22. f4 Nc4 23. Rfd1 Ke7 24. Kf2 b5 25. Ba7 Ndb6 26. Bxb8 Rxb8 27. axb5 axb5 28. Bc6 Nd6 29. Rb1 Na4 30. Rd4 Nc3 31. Rb3 Nxa2 32. Rd2 Rb6 33. Bf3 Nc1 34. Rc3 Nc4 35. Rdc2 1-0

[Event "PNWCC Online blitz JP 8th"]
[Site "Chess.com INT"]
[Date "2020.05.02"]
[Round "9"]
[White "Andrew Hong"]
[Black "Arjun Erigaisi"]
[Result "0-1"]
[EventDate "?"]
[WhiteElo "2444"]
[BlackElo "2559"]
[Source "chessbites.com; date by Chess Assistant 21"]
[PlyCount "78"]

1. e4 e6 2. d4 d5 3. Nc3 Nf6 4. Bg5 Be7 5. e5 Nfd7 6. h4 a6 7. Qg4 Rg8 8. Bd3 g6 9. Nce2 c5 10. c3 Nc6 11. a3 b5 12. Nf3 Bb7 13. Qf4 f6 14. exf6 Nxf6 15. dxc5 Nd7 16. Qg4 Nxc5 17. Bc2 h5 18. Qg3 Qb6 19. Nf4 O-O-O 20. Bxe7 Nxe7 21. O-O Nf5 22. Qg5 Ne4 23. Bxe4 dxe4 24. Ne5 e3 25. Qf6 Rge8 26. Nfxg6 Rd2 27. Kh2 e2 28. Rfe1 Qxf2 29. Qg5 Ne3 30. Qg3 Nf1+ 31. Rxf1 exf1=N+ 32. Rxf1 Qxf1 33. Nf4 Rd1 34. Kh3 Qh1+ 35. Qh2 Rg8 36. Neg6 Bxg2+ 37. Kg3 Qxh2+ 38. Kxh2 Rxg6 39. Nxg6 Rd2 0-1

[Event "PNWCC Online blitz JP 8th"]
[Site "Chess.com INT"]
[Date "2020.05.02"]
[Round "10"]
[White "Arjun Erigaisi"]
[Black "Ilia Smirin"]
[Result "1-0"]
[EventDate "?"]
[WhiteElo "2559"]
[BlackElo "2612"]
[Source "chessbites.com; date by Chess Assistant 21"]
[PlyCount "60"]

1. e4 c5 2. Nf3 e6 3. d4 cxd4 4. Nxd4 a6 5. Bd3 Bc5 6. Nb3 Be7 7. Qg4 g6 8. Nc3 Nc6 9. O-O Nf6 10. Qg3 O-O 11. Bh6 Re8 12. e5 Nh5 13. Qe3 Qc7 14. f4 d6 15. Rae1 Ng7 16. g4 b5 17. exd6 Bxd6 18. Ne4 Be7 19. Bg5 Bb7 20. Nbc5 f5 21. Nf6+ Bxf6 22. Bxf6 fxg4 23. Bxg7 Qxg7 24. Nxe6 Qxb2 25. f5 Re7 26. fxg6 hxg6 27. Qg5 Rxe6 28. Rxe6 Qd4+ 29. Rf2 Qa1+ 30. Bf1 1-0

[Event "PNWCC Online blitz JP 8th"]
[Site "Chess.com INT"]
[Date "2020.05.02"]
[Round "11"]
[White "Aleksandar Indjic"]
[Black "Arjun Erigaisi"]
[Result "0-1"]
[EventDate "?"]
[WhiteElo "2618"]
[BlackElo "2559"]
[Source "chessbites.com; date by Chess Assistant 21"]
[PlyCount "40"]

1. d4 d5 2. c4 e6 3. Nf3 Nf6 4. Nc3 c6 5. Qb3 dxc4 6. Qxc4 b5 7. Qd3 a6 8. g4 c5 9. g5 Nd5 10. dxc5 Bb7 11. Ne4 Nd7 12. Nd6+ Bxd6 13. cxd6 Rc8 14. Bd2 Nc5 15. Qd4 O-O 16. Bg2 Qxd6 17. e4 e5 18. Nxe5 Ne6 19. Qa7 Ndf4 20. Qxb7 Rc7 0-1

[Event "PRO League KO Stage"]
[Site "Chess.com INT"]
[Date "2020.03.02"]
[Round "1"]
[White "Arjun Erigaisi"]
[Black "Pentala Harikrishna"]
[Result "1-0"]
[EventDate "?"]
[WhiteElo "2559"]
[BlackElo "2719"]
[Source "chessbites.com; date by Chess Assistant 21"]
[PlyCount "116"]

1. Nf3 d5 2. d4 Nf6 3. c4 dxc4 4. e3 Bg4 5. Nbd2 e6 6. Qa4+ Nbd7 7. Ne5 Bh5 8. Bxc4 Bd6 9. f4 O-O 10. Nxd7 Nxd7 11. O-O Nb6 12. Qb3 c5 13. dxc5 Bxc5 14. Ne4 Rc8 15. Bd3 Bg6 16. Nxc5 Rxc5 17. Bxg6 hxg6 18. e4 Rc4 19. e5 Qc7 20. Be3 Nd5 21. Rac1 Rc8 22. Rxc4 Qxc4 23. Rc1 Qxc1+ 24. Bxc1 Rxc1+ 25. Kf2 b6 26. g3 a5 27. Qa4 Kh7 28. Qe8 Rc7 29. Kf3 Re7 30. Qd8 Rc7 31. Qe8 Re7 32. Qf8 Rc7 33. h3 Re7 34. g4 Rc7 35. Kg3 a4 36. a3 b5 37. Qd8 b4 38. axb4 Rb7 39. Qh4+ Kg8 40. Qd8+ Kh7 41. Qe8 Nxb4 42. f5 gxf5 43. gxf5 exf5 44. Qc8 Rb6 45. Qxf5+ Kg8 46. Qc8+ Kh7 47. Qe8 Nc6 48. Qxf7 Rb3+ 49. Kh4 Nd4 50. Qh5+ Kg8 51. Qe8+ Kh7 52. Qxa4 Rd3 53. e6 Kh6 54. e7 Nf3+ 55. Kg3 Ne5+ 56. Kg2 Rd2+ 57. Kf1 Nf3 58. Qf4+ 1-0

[Event "Aeroflot Open"]
[Site "Moscow RUS"]
[Date "2020.02.27"]
[Round "9.18"]
[White "Arjun Erigaisi"]
[Black "Aleksandar Indjic"]
[Result "1-0"]
[EventDate "2020.02.19"]
[WhiteElo "2563"]
[BlackElo "2622"]
[PlyCount "137"]

1. e4 e5 2. Nf3 Nc6 3. d4 exd4 4. Nxd4 Nf6 5. Nxc6 bxc6 6. e5 Qe7 7. Qe2 Nd5 8. h4 Qe6 9. Nd2 Nb4 10. Nf3 Ba6 11. c4 d5 12. a3 Bxc4 13. Qd1 Bxf1 14. Kxf1 Na6 15. Rh3 Be7 16. Bg5 Bc5 17. Rc1 Bb6 18. a4 Rb8 19. Qe2 Nb4 20. Bd2 a5 21. Ng5 Qe7 22. e6 f6 23. Nf7 O-O 24. Rg3 Rxf7 25. exf7+ Qxf7 26. Bxb4 axb4 27. Rxc6 Bd4 28. Qc2 Be5 29. Rd3 Qd7 30. Rc5 d4 31. Rb5 Rxb5 32. axb5 Qxb5 33. b3 Qd5 34. Rd1 c5 35. Qd3 Bd6 36. Ra1 h5 37. Ra7 Bf8 38. Ra6 Be7 39. Kg1 Bf8 40. Ra1 Kf7 41. Kf1 Kg8 42. Rc1 Kf7 43. Re1 Kg8 44. Re8 Kf7 45. Rb8 Kg8 46. Rc8 Kf7 47. Qe2 Be7 48. Rc7 Qd8 49. Qxh5+ Kg8 50. Ra7 d3 51. Ra1 d2 52. Qe2 Qd5 53. Qc4 Qxc4+ 54. bxc4 f5 55. Rd1 Bxh4 56. Rxd2 Be7 57. Rd5 g6 58. Ke2 Kf7 59. Kd3 Kf6 60. f3 Ke6 61. Kc2 Bd6 62. Kb3 Be7 63. Ka4 Bd6 64. Kb5 Be7 65. Kc6 Bf8 66. Rd8 Be7 67. Rd1 Bf8 68. Re1+ Kf7 69. Kd5 1-0

[Event "Aeroflot Open"]
[Site "Moscow RUS"]
[Date "2020.02.26"]
[Round "8.16"]
[White "Vasif Durarbayli"]
[Black "Arjun Erigaisi"]
[Result "1/2-1/2"]
[EventDate "2020.02.19"]
[WhiteElo "2625"]
[BlackElo "2563"]
[PlyCount "179"]

1. e4 c5 2. Nf3 d6 3. d4 cxd4 4. Nxd4 Nf6 5. Nc3 a6 6. g3 e5 7. Nb3 Be6 8. Bg5 Nbd7 9. f4 exf4 10. gxf4 h6 11. Bxf6 Qxf6 12. Qf3 h5 13. Qg3 Rc8 14. O-O-O g6 15. Be2 h4 16. Qe3 Bh6 17. Rhf1 g5 18. Nd5 Bxd5 19. exd5+ Kf8 20. Qh3 Rc7 21. fxg5 Qxg5+ 22. Kb1 Bg7 23. Rxf7+ Kxf7 24. Qe6+ Kf8 25. Qxd6+ Qe7 26. Qxc7 Qxe2 27. Qd8+ Qe8 28. Rf1+ Nf6 29. Rxf6+ Bxf6 30. Qxf6+ Kg8 31. Qg5+ Kf8 32. Qf6+ Kg8 33. Qg5+ Kf8 34. a3 Rh5 35. Qf4+ Qf7 36. Qb4+ Kg8 37. Qg4+ Kf8 38. Qb4+ Kg8 39. Qg4+ Kf8 40. Qc8+ Kg7 41. d6 Rd5 42. Qc7 b5 43. Ka2 Kg6 44. Qd8 h3 45. Qc8 Rxd6 46. Qxh3 Kg7 47. Qg3+ Rg6 48. Qe5+ Kh7 49. Qe4 Kg7 50. a4 bxa4 51. Qxa4 Rh6 52. Qd4+ Qf6 53. Qa7+ Qf7 54. Qc5 Kh7 55. Qe5 Qc4 56. Qe7+ Kg8 57. Qe8+ Kh7 58. Qd7+ Kg8 59. Qd8+ Kh7 60. Qe7+ Kg8 61. Qg5+ Kh7 62. Qf5+ Kg8 63. h3 Qf7 64. Qc8+ Qf8 65. Qg4+ Qg7 66. Qf4 Qf6 67. Qg4+ Qg7 68. Qe4 Qg6 69. Qa8+ Kg7 70. Qc8 Qe6 71. Qc7+ Kg6 72. Qg3+ Kh7 73. Qd3+ Kg7 74. Qc3+ Kh7 75. Qd3+ Kg7 76. Qg3+ Kh7 77. Qc7+ Kg6 78. Qg3+ Kh7 79. Qd3+ Kg7 80. Qd4+ Qf6 81. Qd7+ Qf7 82. Qg4+ Qg6 83. Ka3 Qxg4 84. hxg4 Kf6 85. Kb4 Ke5 86. Nc5 Rb6+ 87. Kc4 Rg6 88. Kb4 Rb6+ 89. Kc4 Rg6 90. Kb4 1/2-1/2

[Event "Aeroflot Open"]
[Site "Moscow RUS"]
[Date "2020.02.25"]
[Round "7.5"]
[White "Arjun Erigaisi"]
[Black "Baskaran Adhiban"]
[Result "0-1"]
[EventDate "2020.02.19"]
[WhiteElo "2563"]
[BlackElo "2654"]
[PlyCount "120"]

1. d4 d5 2. c4 e6 3. Nf3 Nf6 4. g3 dxc4 5. Bg2 a6 6. O-O Nc6 7. e3 Rb8 8. Qe2 b5 9. b3 cxb3 10. axb3 Be7 11. Bb2 O-O 12. Nbd2 Bb7 13. Rfc1 Nb4 14. Ne5 Bxg2 15. Kxg2 Rb6 16. Kg1 Nd7 17. Ne4 f6 18. Nf3 e5 19. dxe5 fxe5 20. Rd1 Qc8 21. Rac1 c5 22. Ne1 Nf6 23. Nxf6+ Bxf6 24. Ba3 Qe6 25. Rxc5 Qxb3 26. Bxb4 Qxb4 27. Nd3 Qa3 28. Qc2 Rd6 29. Rc3 Qa4 30. Qxa4 bxa4 31. e4 Rfd8 32. Kf1 Rd4 33. f3 Be7 34. Ke2 Bb4 35. Rc2 a5 36. Nf2 Rxd1 37. Nxd1 a3 38. Nc3 Bc5 39. Nd5 Bd4 40. Ra2 Bb2 41. Kd3 Kf7 42. Kc4 Rc8+ 43. Kb5 Rc2 44. Nb6 Rxh2 45. Nc4 Rh3 46. Nxa3 Bxa3 47. Rxa3 Rxg3 48. Kc4 h5 49. Kd5 h4 50. Rxa5 h3 51. Ra8 Rxf3 52. Kxe5 g5 53. Kd5 g4 54. Rh8 Rf1 55. e5 Rd1+ 56. Ke4 g3 57. Rh7+ Ke8 58. Rh8+ Kd7 59. Rh7+ Kc6 60. Rh6+ Kc5 0-1

[Event "Aeroflot Open"]
[Site "Moscow RUS"]
[Date "2020.02.24"]
[Round "6.15"]
[White "Haik M Martirosyan"]
[Black "Arjun Erigaisi"]
[Result "0-1"]
[EventDate "2020.02.19"]
[WhiteElo "2630"]
[BlackElo "2563"]
[PlyCount "90"]

1. e4 c5 2. Nf3 Nc6 3. Bb5 g6 4. O-O Bg7 5. Re1 e5 6. c3 Nge7 7. d3 O-O 8. Nbd2 d6 9. a3 h6 10. b4 Be6 11. Bb2 a6 12. Ba4 Qd7 13. b5 axb5 14. Bxb5 Nc8 15. a4 N8a7 16. Bc4 Rad8 17. Qc2 f5 18. Bxe6+ Qxe6 19. Rad1 d5 20. Ba3 b6 21. Qa2 Qf7 22. Rb1 Nc8 23. h3 dxe4 24. Qxf7+ Rxf7 25. dxe4 Ra7 26. a5 Rxa5 27. Bc1 Ra4 28. g4 fxg4 29. hxg4 Rd3 30. Bb2 Nd6 31. Re2 Nc4 32. Nxc4 Rxc4 33. Ne1 Rd6 34. Ra1 b5 35. Nc2 b4 36. cxb4 cxb4 37. f3 Rd3 38. Kf2 Bf8 39. Ra6 b3 40. Ne3 Bc5 41. Rxc6 Rxe3 42. Rxg6+ Kf7 43. Rc6 Ke7 44. Rc7+ Kd8 45. Bxe5 Rexe4+ 0-1

[Event "Aeroflot Open"]
[Site "Moscow RUS"]
[Date "2020.02.23"]
[Round "5.18"]
[White "Arjun Erigaisi"]
[Black "Mikhail Kobalia"]
[Result "1/2-1/2"]
[EventDate "2020.02.19"]
[WhiteElo "2563"]
[BlackElo "2609"]
[PlyCount "93"]

1. d4 d5 2. c4 c6 3. Nf3 Nf6 4. e3 a6 5. Bd3 Bg4 6. Nbd2 e6 7. O-O Nbd7 8. Qc2 Bd6 9. b3 Bh5 10. Bb2 Qb8 11. h3 Bg6 12. e4 dxe4 13. Nxe4 Nxe4 14. Bxe4 O-O 15. Rad1 Re8 16. Rfe1 Qc7 17. Nd2 Nf6 18. Bxg6 hxg6 19. c5 Bh2+ 20. Kh1 Bf4 21. Nc4 Qe7 22. Bc1 Bc7 23. Bg5 Qd7 24. Qc1 Nd5 25. Ne5 Qc8 26. Bh4 a5 27. a3 Bxe5 28. dxe5 b6 29. Re4 Rb8 30. Bf6 Ne7 31. Bxe7 Rxe7 32. cxb6 Re8 33. Red4 Qb7 34. Rd7 Qxb6 35. Qf4 Rf8 36. R1d3 Rb7 37. R7d4 Qc5 38. b4 axb4 39. axb4 Qc2 40. Qe3 Rb5 41. Rc3 Qb2 42. Rcc4 Rd5 43. Kh2 Ra8 44. Rc3 Rxd4 45. Qxd4 g5 46. Qe3 Qxb4 47. Rxc6 1/2-1/2

[Event "Aeroflot Open"]
[Site "Moscow RUS"]
[Date "2020.02.22"]
[Round "4.31"]
[White "Cem Kaan Gokerkan"]
[Black "Arjun Erigaisi"]
[Result "0-1"]
[EventDate "2020.02.19"]
[WhiteElo "2461"]
[BlackElo "2563"]
[PlyCount "92"]

1. e4 c5 2. Nf3 d6 3. Bb5+ Nd7 4. Ba4 Nf6 5. O-O a6 6. c4 g6 7. Nc3 Bg7 8. Rb1 O-O 9. d3 Nb6 10. Bc2 Bg4 11. h3 Bh5 12. Qe2 Bxf3 13. Qxf3 Nbd7 14. Bd1 Ne5 15. Qg3 Nc6 16. h4 Nd7 17. h5 e6 18. Ne2 b5 19. Qxd6 Nce5 20. hxg6 hxg6 21. f4 Ng4 22. g3 Nb6 23. Qxd8 Rfxd8 24. b4 Rxd3 25. cxb5 c4 26. bxa6 Rxa6 27. a4 Nxa4 28. b5 Ra8 29. Bc2 Bf8 30. Rd1 Bc5+ 31. Kg2 Ne3+ 32. Bxe3 Rxe3 33. Re1 Nb6 34. Kh3 Ra2 35. Bd1 Rxe4 36. Nc3 Rxe1 37. Nxa2 Nd5 38. Rc1 Be3 39. Rb1 Bc5 40. Rc1 Ba3 41. b6 Nxb6 42. Rb1 Nd5 43. Rb8+ Kg7 44. Bc2 Ra1 45. Bb1 c3 46. Rb3 Rxa2 0-1

[Event "Aeroflot Open"]
[Site "Moscow RUS"]
[Date "2020.02.21"]
[Round "3.32"]
[White "Arjun Erigaisi"]
[Black "Rudik Makarian"]
[Result "1/2-1/2"]
[EventDate "2020.02.19"]
[WhiteElo "2563"]
[BlackElo "2414"]
[PlyCount "104"]

1. c4 g6 2. Nc3 c5 3. g3 Bg7 4. Bg2 Nf6 5. Nf3 Nc6 6. d4 cxd4 7. Nxd4 h5 8. h3 Nxd4 9. Qxd4 d6 10. b3 O-O 11. Bb2 Be6 12. Bxb7 Rb8 13. Bg2 Qa5 14. O-O Nd5 15. Nxd5 Bxd4 16. Nxe7+ Kh7 17. Bxd4 Qc7 18. Nd5 Bxd5 19. Bxd5 h4 20. Bf6 hxg3 21. fxg3 Qb6+ 22. Kg2 Qe3 23. Rf2 g5 24. g4 Kg6 25. Raf1 Rbe8 26. Rf5 Qxe2+ 27. R1f2 Qe3 28. Bxg5 Qd3 29. Bf4 Re2 30. Bxd6 Rxf2+ 31. Rxf2 Rd8 32. Bxf7+ Kh7 33. Bg3 Qe4+ 34. Rf3 Rf8 35. Bd5 Qc2+ 36. Rf2 Rxf2+ 37. Bxf2 Qxa2 38. b4 a6 39. b5 a5 40. b6 a4 41. b7 Qb2 42. c5 a3 43. c6 Qe5 44. Ba2 Qe4+ 45. Kg1 Qf4 46. Kg2 Qd6 47. Kg1 Qd1+ 48. Kg2 Qd6 49. Kf1 Qd1+ 50. Be1 Qf3+ 51. Kg1 Qe3+ 52. Kg2 Qxe1 1/2-1/2

[Event "Aeroflot Open"]
[Site "Moscow RUS"]
[Date "2020.02.20"]
[Round "2.42"]
[White "Srivatshav P Rahul"]
[Black "Arjun Erigaisi"]
[Result "0-1"]
[EventDate "2020.02.19"]
[WhiteElo "2474"]
[BlackElo "2563"]
[PlyCount "102"]

1. d4 g6 2. c4 Bg7 3. Nf3 d6 4. e4 Bg4 5. Be2 Nc6 6. Be3 e5 7. d5 Bxf3 8. Bxf3 Nd4 9. Nc3 c5 10. Bg4 h5 11. Bh3 Nh6 12. O-O O-O 13. f3 Kh7 14. Qd2 f5 15. Ne2 f4 16. Bf2 Nf7 17. b4 b6 18. Rab1 Ng5 19. Nxd4 exd4 20. Qe2 Rf7 21. bxc5 bxc5 22. Rb3 Nxh3+ 23. gxh3 Qd7 24. h4 Bf6 25. Rfb1 Rg8 26. Kh1 Rgg7 27. Qd3 Qe7 28. Rb8 Bxh4 29. Bg1 Bf6 30. Qf1 Qd7 31. Ra8 Rg8 32. Rxg8 Kxg8 33. Rb8+ Kh7 34. Kg2 Qa4 35. Qe2 g5 36. h4 gxh4 37. e5 Bxe5 38. Qd3+ Kg7 39. Bf2 Qxa2 40. Kh3 Qa4 41. Qb1 Qd7+ 42. Kh2 Qf5 43. Qg1+ Kh6 44. Bxh4 Qg6 45. Qf1 Kh7 46. Qg2 Qxg2+ 47. Kxg2 a5 48. Ra8 Rb7 49. Rxa5 Rb2+ 50. Kh3 d3 51. Ra7+ Kg6 0-1

[Event "Aeroflot Open"]
[Site "Moscow RUS"]
[Date "2020.02.19"]
[Round "1.45"]
[White "Arjun Erigaisi"]
[Black "Olga Badelka"]
[Result "0-1"]
[EventDate "2020.02.19"]
[WhiteElo "2563"]
[BlackElo "2404"]
[PlyCount "80"]

1. d4 Nf6 2. c4 e6 3. Nc3 Bb4 4. g3 O-O 5. Bg2 d5 6. Nf3 dxc4 7. a3 Bxc3+ 8. bxc3 c5 9. O-O Nc6 10. Bg5 h6 11. Bh4 cxd4 12. cxd4 g5 13. Nxg5 hxg5 14. Bxg5 Kg7 15. Bxc6 bxc6 16. e4 Qa5 17. e5 Nh7 18. Qg4 Nxg5 19. Qxg5+ Kh7 20. Qh4+ Kg7 21. Qg4+ Kh7 22. Rae1 Rg8 23. Qh4+ Kg7 24. Re4 Kf8 25. Rf4 Ke8 26. Qh7 Rf8 27. h4 Qd2 28. h5 c3 29. h6 c2 30. Qg7 c1=Q 31. Rxc1 Qxc1+ 32. Kh2 Ba6 33. h7 Ke7 34. Rh4 Rae8 35. h8=Q Rxh8 36. Rxh8 Rxh8+ 37. Qxh8 Bd3 38. Qb8 Qxa3 39. Qc7+ Kf8 40. Qxc6 Qb2 0-1

[Event "PRO League Stage"]
[Site "Chess.com INT"]
[Date "2020.02.13"]
[Round "6"]
[White "Arjun Erigaisi"]
[Black "Wouter Spoelman"]
[Result "1-0"]
[EventDate "?"]
[WhiteElo "2575"]
[BlackElo "2578"]
[Source "chessbites.com; date by Chess Assistant 21"]
[PlyCount "114"]

1. e4 c5 2. Nf3 e6 3. g3 d5 4. exd5 exd5 5. Bg2 Nf6 6. O-O Be7 7. d4 O-O 8. h3 Nc6 9. Nc3 h6 10. Re1 Be6 11. Be3 c4 12. Ne5 Re8 13. Qd2 Qc8 14. Bxh6 gxh6 15. Qxh6 Nh7 16. Nxd5 Bf8 17. Qh5 Bg7 18. Rad1 Nxe5 19. dxe5 Bf5 20. Be4 Bxe4 21. Rxe4 Qc6 22. Rg4 Re6 23. Rdd4 Rae8 24. Rdf4 Rg6 25. Rxf7 Kxf7 26. Qf5+ Kg8 27. Qxg6 Qxg6 28. Rxg6 Rxe5 29. Ne3 Nf6 30. h4 b5 31. g4 Kf7 32. h5 Bf8 33. Kg2 Bc5 34. Kf3 Bxe3 35. fxe3 a5 36. Kf4 Re8 37. Kg5 Re5+ 38. Kf4 Re6 39. Kf5 Rd6 40. e4 Ne8 41. Rxd6 Nxd6+ 42. Ke5 Ke7 43. Kd5 a4 44. a3 Nf7 45. Kc5 Kf6 46. Kxb5 Nd6+ 47. Kxa4 Nxe4 48. Kb4 c3 49. bxc3 Nf2 50. a4 Nxg4 51. a5 Ne5 52. a6 Nc6+ 53. Kc5 Na7 54. Kb6 Nc8+ 55. Kb7 Nd6+ 56. Kb8 Nb5 57. c4 1-0

[Event "PRO League Stage"]
[Site "Chess.com INT"]
[Date "2020.02.13"]
[Round "6"]
[White "Arjun Erigaisi"]
[Black "Liam Vrolijk"]
[Result "1-0"]
[EventDate "?"]
[WhiteElo "2575"]
[BlackElo "2478"]
[Source "chessbites.com; date by Chess Assistant 21"]
[PlyCount "44"]

1. d4 Nf6 2. Bg5 e6 3. e4 h6 4. Bxf6 Qxf6 5. c3 d6 6. Bd3 e5 7. Ne2 Nd7 8. O-O g6 9. f4 Qe7 10. fxe5 dxe5 11. Bc4 Nf6 12. Qb3 c6 13. Nd2 Bg4 14. Rxf6 Qxf6 15. Rf1 Qe7 16. Rxf7 Qg5 17. Qxb7 Rc8 18. Nf3 Qe3+ 19. Kh1 exd4 20. Rf5 Bxf5 21. exf5 Kd8 22. Be6 1-0

[Event "IND-chT 40th"]
[Site "Ahmedabad"]
[Date "2020.02.10"]
[Round "5.3"]
[White "Arjun Erigaisi"]
[Black "Kartavya Anadkat"]
[Result "1-0"]
[EventDate "?"]
[WhiteElo "2563"]
[BlackElo "2152"]
[Source "chessbites.com; date by Chess Assistant 21"]
[PlyCount "196"]

1. Nf3 f5 2. g3 Nf6 3. Bg2 g6 4. d4 Bg7 5. O-O O-O 6. b3 d6 7. Bb2 c6 8. c4 Qc7 9. Nbd2 a5 10. Qc2 Na6 11. a3 Re8 12. e4 fxe4 13. Nxe4 Bf5 14. Nfd2 Qd7 15. Nxf6+ exf6 16. Qc3 a4 17. bxa4 Nc7 18. a5 d5 19. a4 Bh6 20. f4 Bf8 21. Rfe1 h5 22. Nb3 Rad8 23. Rxe8 Qxe8 24. Re1 Qf7 25. c5 Re8 26. Rxe8 Qxe8 27. Kf2 Na6 28. Bc1 Be7 29. Bd2 Bd8 30. Nc1 Bg4 31. Qb3 Qe7 32. Bc3 Kf8 33. Bf1 Qe4 34. Bg2 Qe7 35. h3 Bc8 36. Ne2 Bf5 37. Bf1 Bd3 38. Bd2 Bc4 39. Qb1 Kf7 40. f5 g5 41. Ng1 Bxf1 42. Kxf1 Kf8 43. Kg2 Kg8 44. Kf2 Bc7 45. Nf3 Bb8 46. Be1 Qc7 47. Kg2 Qe7 48. Bf2 Kf8 49. Kf1 Ke8 50. Nd2 Kf8 51. Qd1 Qe8 52. Qb1 Qe7 53. Qb3 Kg7 54. Nf3 Kf8 55. h4 g4 56. Ng1 Kg8 57. Ne2 Kh8 58. Be3 Qe4 59. Bf2 Qe7 60. Be1 Qd7 61. Qb1 Qe7 62. Bd2 Kg8 63. Kf2 Bc7 64. Bf4 Bxa5 65. Bd6 Qe4 66. Qxe4 dxe4 67. Ke3 Nb4 68. Kxe4 Nd5 69. Kd3 Kf7 70. Nc1 Ke8 71. Nb3 Be1 72. Na1 Kd7 73. Nc2 Ba5 74. Ne3 Nxe3 75. Kxe3 Be1 76. Bf4 Ke7 77. Ke2 Bc3 78. Be3 Kd7 79. Bf2 Ba5 80. Be1 Bc7 81. Kd3 Kc8 82. Ke4 Kd7 83. Bf2 Bb8 84. d5 cxd5+ 85. Kxd5 Be5 86. Be1 Bb2 87. a5 Be5 88. Bf2 Bc3 89. Bd4 Be1 90. Bxf6 Bxg3 91. Bg5 Be1 92. f6 Bc3 93. f7 Bg7 94. Bf6 Bf8 95. Be5 Bh6 96. Bd6 g3 97. Bxg3 Ke7 98. a6 1-0

[Event "IND-chT 40th"]
[Site "Ahmedabad"]
[Date "2020.02.10"]
[Round "6.3"]
[White "Srinath Narayanan"]
[Black "Arjun Erigaisi"]
[Result "0-1"]
[EventDate "?"]
[WhiteElo "2535"]
[BlackElo "2563"]
[Source "chessbites.com; date by Chess Assistant 21"]
[PlyCount "80"]

1. e4 e6 2. d4 d5 3. exd5 exd5 4. Nf3 Bd6 5. Bd3 Nc6 6. c3 Nge7 7. Qc2 Bg4 8. Nbd2 Qd7 9. O-O O-O-O 10. b4 Rde8 11. a4 f6 12. a5 Nd8 13. c4 dxc4 14. Bxc4 Ng6 15. b5 Kb8 16. a6 b6 17. Ba3 Nf4 18. Bxd6 cxd6 19. Rfc1 d5 20. Bf1 Nf7 21. Qb3 Rc8 22. Ne1 Nd6 23. Rc6 g5 24. f3 Be6 25. Rac1 Nc4 26. Rxc8+ Rxc8 27. Qb4 Rd8 28. Nc2 Bf5 29. Na3 Bd3 30. Re1 Bxf1 31. Re7 Qd6 32. Qxd6+ Rxd6 33. Rb7+ Ka8 34. Rxh7 Rd8 35. Nxf1 Nxa3 36. Ne3 Nxb5 37. g3 Ne6 38. Nc2 Nbxd4 39. Nb4 Nxf3+ 40. Kf2 Ne5 0-1

[Event "IND-chT 40th"]
[Site "Ahmedabad"]
[Date "2020.02.07"]
[Round "1.4"]
[White "Arjun Erigaisi"]
[Black "Sonakshi Rathore"]
[Result "1-0"]
[EventDate "?"]
[WhiteElo "2563"]
[BlackElo "1802"]
[Source "chessbites.com; date by Chess Assistant 21"]
[PlyCount "54"]

1. b3 d5 2. Bb2 Bf5 3. g3 Nf6 4. Bg2 e6 5. Nf3 c6 6. d3 Bd6 7. Nbd2 Qe7 8. O-O O-O 9. e4 dxe4 10. dxe4 Nxe4 11. Nh4 Nxd2 12. Nxf5 exf5 13. Qxd2 Qc7 14. Rfe1 f6 15. Rad1 Bc5 16. Qd3 Na6 17. Qxf5 Rad8 18. Bf1 Bb4 19. Rxd8 Qxd8 20. Re4 Bd2 21. Bc4+ Kh8 22. Rh4 Bh6 23. Bd3 g6 24. Qh3 Bg7 25. Bxg6 Qe7 26. Bxh7 Nc7 27. Ba3 1-0

[Event "PRO League Stage"]
[Site "Chess.com INT"]
[Date "2020.02.06"]
[Round "5"]
[White "Mateusz Bartel"]
[Black "Arjun Erigaisi"]
[Result "0-1"]
[EventDate "?"]
[WhiteElo "2639"]
[BlackElo "2575"]
[Source "chessbites.com; date by Chess Assistant 21"]
[PlyCount "102"]

1. c4 e6 2. Nf3 Nf6 3. g3 d5 4. Bg2 dxc4 5. Qa4+ Nbd7 6. Qxc4 c5 7. O-O Rb8 8. d3 Bd6 9. Nc3 a6 10. a4 b6 11. Bf4 Bxf4 12. Qxf4 Bb7 13. d4 cxd4 14. Qxd4 Qe7 15. Rad1 O-O 16. Qd6 Qxd6 17. Rxd6 Bxf3 18. exf3 Ne5 19. Rd4 Nc6 20. Rd6 Ne5 21. Rd4 Nc6 22. Rd6 Na5 23. Rb1 Rfc8 24. Bf1 Nc4 25. Rd4 Ne5 26. Kg2 a5 27. Rbd1 Kf8 28. Ba6 Rc7 29. f4 Ng6 30. Bc4 Rbc8 31. b3 Ke7 32. Nb5 Rd7 33. Rxd7+ Nxd7 34. h4 Rc5 35. Nd6 Nf6 36. Kf3 Nf8 37. g4 Rc6 38. Nb5 N8d7 39. g5 Ne8 40. Ke3 g6 41. h5 Ng7 42. h6 Nf5+ 43. Kf3 f6 44. Na7 Rc7 45. Nb5 Rc5 46. Re1 e5 47. gxf6+ Kxf6 48. Nd6 Nxd6 49. Bg8 e4+ 50. Kg4 Nf5 51. Rh1 Rc8 0-1

[Event "PRO League Stage"]
[Site "Chess.com INT"]
[Date "2020.02.06"]
[Round "5"]
[White "Pawel Czarnota"]
[Black "Arjun Erigaisi"]
[Result "0-1"]
[EventDate "?"]
[WhiteElo "2502"]
[BlackElo "2575"]
[Source "chessbites.com; date by Chess Assistant 21"]
[PlyCount "76"]

1. e4 e6 2. d4 d5 3. Nd2 c5 4. exd5 Qxd5 5. Ngf3 cxd4 6. Bc4 Qd6 7. O-O Nf6 8. Nb3 Nc6 9. Nbxd4 Nxd4 10. Nxd4 a6 11. Bb3 Bd7 12. Be3 Qc7 13. c3 Bd6 14. h3 O-O-O 15. Qe2 e5 16. Nf3 Bc6 17. Bg5 h6 18. Bxf6 gxf6 19. Rfe1 Rhg8 20. Bc2 Qd7 21. Nh4 Bxg2 22. Nxg2 Rxg2+ 23. Kxg2 Rg8+ 24. Kf3 Qxh3+ 25. Ke4 Rg4+ 26. Kd5 Rf4 27. Qc4+ Rxc4 28. Kxc4 b5+ 29. Kd5 Qe6+ 30. Ke4 f5+ 31. Kf3 e4+ 32. Kg2 Qg6+ 33. Kf1 Qh5 34. Rad1 Qh1+ 35. Ke2 Qf3+ 36. Kf1 Bc5 37. Rd2 e3 38. Bd1 Qh3+ 0-1

[Event "PRO League Stage"]
[Site "Chess.com INT"]
[Date "2020.01.30"]
[Round "4"]
[White "Arjun Erigaisi"]
[Black "Luca Jr Moroni"]
[Result "1-0"]
[EventDate "?"]
[WhiteElo "2575"]
[BlackElo "2532"]
[Source "chessbites.com; date by Chess Assistant 21"]
[PlyCount "64"]

1. c4 e6 2. Nf3 d5 3. g3 Nf6 4. d4 dxc4 5. Bg2 c5 6. O-O Nc6 7. Qa4 Bd7 8. Qxc4 cxd4 9. Nxd4 Rc8 10. Nc3 Nxd4 11. Qxd4 Bc5 12. Qh4 h6 13. Bxb7 Rb8 14. Bf3 Rb4 15. Qh3 e5 16. Qg2 Qc8 17. Rd1 O-O 18. a3 Rb8 19. g4 Nxg4 20. Ne4 Rb6 21. Nxc5 Qxc5 22. Rxd7 Rg6 23. Bxg4 h5 24. Be3 Qc2 25. Rd2 Qa4 26. Kh1 Rxg4 27. Qd5 h4 28. h3 Rg6 29. Rg1 Rxg1+ 30. Kxg1 Rc8 31. Qxe5 Qc6 32. Kh2 1-0

[Event "PRO League Stage"]
[Site "Chess.com INT"]
[Date "2020.01.30"]
[Round "4"]
[White "Arjun Erigaisi"]
[Black "Francesco Sonis"]
[Result "1-0"]
[EventDate "?"]
[WhiteElo "2575"]
[BlackElo "2458"]
[Source "chessbites.com; date by Chess Assistant 21"]
[PlyCount "122"]

1. d4 Nf6 2. c4 e6 3. g3 c5 4. Nf3 cxd4 5. Nxd4 Nc6 6. Bg2 Qb6 7. Nc2 h5 8. h3 Ne5 9. b3 Bc5 10. Be3 Bxe3 11. Nxe3 h4 12. g4 Ng6 13. Nc3 O-O 14. Qd2 Qa5 15. Nb5 Qxd2+ 16. Kxd2 Nf4 17. Nd6 Nxg2 18. Nxg2 Ne8 19. Nxe8 Rxe8 20. Nxh4 d5 21. cxd5 exd5 22. Nf3 b6 23. Nd4 Ba6 24. e3 Rac8 25. Rac1 Kf8 26. h4 g6 27. Rxc8 Bxc8 28. f3 Bd7 29. h5 Kg7 30. hxg6 fxg6 31. Rc1 Rc8 32. Rxc8 Bxc8 33. g5 Bd7 34. Kc3 Kf7 35. b4 Ke7 36. f4 Kd6 37. Nf3 Bf5 38. Kd4 Kc6 39. Ne5+ Kd6 40. a3 Be4 41. Ng4 Bf5 42. Nf6 Be6 43. Ne8+ Kd7 44. Ke5 Bf7 45. Nd6 Be6 46. Nb5 a5 47. Nd4 Bg4 48. Kxd5 axb4 49. axb4 Bh3 50. e4 Bg2 51. Ke5 Ke7 52. f5 Kf7 53. f6 Bh3 54. Nb5 Bd7 55. Nd6+ Kf8 56. Kd5 Ba4 57. e5 Bb3+ 58. Kc6 Be6 59. Kxb6 Bd5 60. Kc7 Be6 61. b5 1-0